Stray Kids members' English names - Statistics

General Stats
  • This quiz has been taken 314 times
  • The average score is 5 of 8
Answer Stats
Hint Answer % Correct
Bang Chan Christopher
94%
Yongbok Felix
82%
Hyunjin Sam
64%
Han Peter
60%
I.N Bob
55%
Leeknow Rhino
53%
Seungmin Sky
50%
Changbin Lewis
30%
No matching quizzes found
Score Distribution
Percent of People with Each Score
Percentile by Number Answered
Your Score History
You have not taken this quiz